| 000 | 00458nam a2200181Ia 4500 | ||
|---|---|---|---|
| 008 | 180207s9999 xx 000 0 und d | ||
| 020 | _a9780545425353 | ||
| 050 | _bS562 2006 | ||
| 100 | _aShulman, Mark | ||
| 245 | _aMom and dad are palinoromes : | ||
| 245 | _ba dilemma for words…and backwards / | ||
| 260 | _aNew York : | ||
| 260 | _bScholastic, | ||
| 260 | _c2006 | ||
| 300 | _aunpaged : | ||
| 300 | _bcolor illustrations ; | ||
| 300 | _c20cm. | ||
| 999 |
_c355834 _d355834 |
||